[Event "PRO League Group Stage"]
[Site "chess.com INT"]
[Date "2018.01.31"]
[Round "3"]
[White "Andriasian, Zaven"]
[Black "Vaibhav, Suri"]
[Result "1-0"]
[WhiteTitle "GM"]
[BlackTitle "GM"]
[WhiteElo "2585"]
[BlackElo "2542"]
[WhiteTeam "Armenia Eagles"]
[BlackTeam "Delhi Dynamite"]
[WhiteFideId "13302000"]
[BlackFideId "5045185"]
[EventDate "2018.01.18"]

1. e4 e5 2. Nf3 Nc6 3. Bc4 Bc5 4. O-O Nf6 5. d3 a6 6. c3 d6 7. Bb3 O-O 8. Nbd2
Be6 9. h3 h6 10. Re1 Re8 11. Nf1 d5 12. Ng3 dxe4 13. dxe4 Qxd1 14. Rxd1 Rad8 15.
Bd2 Bxb3 16. axb3 Rd7 17. b4 Bf8 18. Be3 Red8 19. Rxd7 Rxd7 20. Kf1 Ne8 21. Ke2
f6 22. Nd2 Kf7 23. Nb3 g6 24. Nf1 h5 25. Nfd2 Ng7 26. g3 Ne6 27. Nc4 f5 28. Nba5
Ned8 29. Nxb7 Nxb7 30. Rxa6 Nbd8 31. b5 Ne7 32. Nxe5+ Ke8 33. Nxd7 Kxd7 34. exf5
gxf5 35. Bh6 Bxh6 36. Rxh6 Nf7 37. Rxh5 Nd6 38. h4 Nxb5 39. g4 Nd6 40. g5 Nf7
41. Rh7 Ke6 42. f4 Ng6 43. Ke3 Ke7 44. Rg7 1-0

[Event "PRO League Group Stage"]
[Site "chess.com INT"]
[Date "2018.01.31"]
[Round "3"]
[White "Fressinet, Laurent"]
[Black "Pruijssers, Roeland"]
[Result "1/2-1/2"]
[WhiteTitle "GM"]
[BlackTitle "GM"]
[WhiteElo "2662"]
[BlackElo "2536"]
[WhiteTeam "Norway Gnomes"]
[BlackTeam "Oslo Trolls"]
[WhiteFideId "608742"]
[BlackFideId "1013068"]
[EventDate "2018.01.18"]

1. e4 e5 2. Nf3 Nc6 3. Nc3 Nf6 4. Be2 d5 5. exd5 Nxd5 6. O-O Nxc3 7. bxc3 Bd6 8.
d4 exd4 9. cxd4 O-O 10. Bd3 h6 11. c3 Qf6 12. Re1 Bf5 13. Qc2 Bxd3 14. Qxd3 Rae8
15. Bd2 b6 16. Qb5 Rxe1+ 17. Rxe1 Ne7 18. Qa6 Qf5 19. Qxa7 Qb5 20. a4 Qc4 21.
Qb7 Nd5 22. Kh1 Rd8 23. h3 Nxc3 24. Bxc3 Qxc3 25. Qa6 Qc6 26. Qb5 Qxb5 27. axb5
Ra8 28. Kg1 Ra2 29. Rb1 Kf8 30. Ne5 Ke7 31. Kf1 Ke6 32. Re1 Bxe5 33. Rxe5+ Kd6
34. Re8 Rb2 35. Rd8+ Ke7 36. Rc8 Rc2 37. Ke1 h5 38. Kd1 Rxf2 39. Rxc7+ Kd6 40.
Rc6+ Kd5 41. Rxb6 Rxg2 42. Rb7 Rf2 43. Rd7+ Ke6 44. Rc7 Rb2 45. d5+ Kf6 46. Rc6+
Kf5 47. Rc7 Kg6 48. Rb7 Rb4 49. Ke2 Rd4 50. Rd7 Rb4 51. Rb7 Kf6 52. d6 Ke6 53.
d7 Rd4 54. b6 Rxd7 55. Ra7 Rd5 56. Ke3 Rb5 57. b7 Rb1 58. Kd4 Kf5 59. b8=Q Rxb8
60. Rxf7+ Kg6 61. Rf3 Re8 62. Rg3+ Kf6 63. Rf3+ Kg5 64. Rg3+ Kh4 65. Rxg7 Kxh3
66. Kd3 h4 67. Kd2 Kh2 68. Rg6 h3 69. Rg7 Re6 70. Rg8 Re4 71. Rg7 Kh1 72. Rg8
Re7 73. Rg6 Re5 74. Rg8 Re7 75. Rg6 Re8 76. Rg7 h2 77. Rg6 Re7 78. Rg8 Re6 79.
Rg7 Re4 80. Rg8 Ra4 81. Ke2 Ra1 82. Kf2 Rg1 83. Ra8 Rg2+ 84. Kf1 Rg7 85. Rf8 Rg6
86. Rf7 Rg5 87. Rf8 Rg6 88. Kf2 1/2-1/2

[Event "PRO League Group Stage"]
[Site "chess.com INT"]
[Date "2018.01.31"]
[Round "3"]
[White "Fressinet, Laurent"]
[Black "Kaasen, Tor Fredrik"]
[Result "1-0"]
[WhiteTitle "GM"]
[BlackTitle "FM"]
[WhiteElo "2662"]
[BlackElo "2340"]
[WhiteTeam "Norway Gnomes"]
[BlackTeam "Oslo Trolls"]
[WhiteFideId "608742"]
[BlackFideId "1516647"]
[EventDate "2018.01.18"]

1. e4 c5 2. Nf3 e6 3. Nc3 Nc6 4. Bb5 Nge7 5. O-O a6 6. Bxc6 Nxc6 7. d4 cxd4 8.
Nxd4 Be7 9. Nxc6 bxc6 10. e5 d5 11. exd6 Qxd6 12. Qg4 g6 13. Rd1 Qc7 14. Bh6 Rb8
15. Bg7 Rg8 16. Qd4 Rb4 17. Be5 Rxd4 18. Bxc7 Rb4 19. b3 Rb7 20. Bd6 Bf6 21. Rd3
Rd7 22. Rad1 Bxc3 23. Rxc3 Bb7 24. Rcd3 f5 25. Be5 Rd5 26. f3 Ke7 27. c4 Rxd3
28. Rxd3 g5 29. Kf2 h5 30. Ke1 g4 31. f4 h4 32. g3 hxg3 33. hxg3 Rg6 34. Bd6+
Ke8 35. Bc5 Rh6 36. Rd6 a5 37. Bb6 Ke7 38. Bc5 Ke8 39. Bb6 Ke7 40. Rd3 Rh2 41.
Bd8+ Ke8 42. Bh4 Ba6 43. Rd8+ Kf7 44. Ra8 Bxc4 45. bxc4 Rxa2 46. Ra7+ Kf8 47.
Ra6 Ra3 48. Rxc6 Re3+ 49. Kd2 Rf3 50. Rxe6 a4 51. Ra6 a3 52. Kc2 Kf7 53. Kb1 Rc3
54. Ka2 Rxc4 55. Rf6+ Kg7 56. Rxf5 Rc3 57. Bf6+ Kf7 58. Bxc3+ 1-0

[Event "PRO League Group Stage"]
[Site "chess.com INT"]
[Date "2018.02.03"]
[Round "4"]
[White "Friedel, Joshua"]
[Black "Hambleton, Aman"]
[Result "1-0"]
[WhiteTitle "GM"]
[BlackTitle "IM"]
[WhiteElo "2562"]
[BlackElo "2501"]
[WhiteTeam "Las Vegas Desert Rats"]
[BlackTeam "Montreal Chessbrahs"]
[WhiteFideId "2017199"]
[BlackFideId "2606577"]
[EventDate "2018.01.18"]

1. Nf3 Nf6 2. g3 b6 3. Bg2 Bb7 4. d4 e6 5. c4 Bb4+ 6. Bd2 Bxd2+ 7. Qxd2 d6 8.
O-O Nbd7 9. d5 e5 10. Nc3 O-O 11. e4 a5 12. Nh4 Re8 13. Rae1 Nf8 14. f4 Ng6 15.
Nxg6 hxg6 16. f5 Nh7 17. fxg6 fxg6 18. Nb5 Bc8 19. Rf2 Bd7 20. Ref1 Bxb5 21.
cxb5 Rf8 22. Rxf8+ Nxf8 23. Bh3 Qe7 24. a4 Kh7 25. Qc3 Ra7 26. Kg2 Nd7 27. Bxd7
Qxd7 28. Rf8 Qe7 29. Qf3 Qg5 30. h4 Qd2+ 31. Kh3 Qc1 32. h5 Qh6 33. Kh4 1-0

[Event "PRO League Group Stage"]
[Site "chess.com INT"]
[Date "2018.02.03"]
[Round "4"]
[White "Friedel, Joshua"]
[Black "Boros, Denes"]
[Result "0-1"]
[WhiteTitle "GM"]
[BlackTitle "GM"]
[WhiteElo "2562"]
[BlackElo "2457"]
[WhiteTeam "Las Vegas Desert Rats"]
[BlackTeam "Webster Windmills"]
[WhiteFideId "2017199"]
[BlackFideId "722340"]
[EventDate "2018.01.18"]

1. Nf3 e6 2. g3 b6 3. Bg2 Bb7 4. O-O Nf6 5. c4 Be7 6. d4 c6 7. Nbd2 c5 8. d5
exd5 9. cxd5 O-O 10. e4 d6 11. Re1 Re8 12. Nc4 b5 13. Qb3 Ba6 14. Ne3 Nxe4 15.
Nf5 Bf8 16. Bf4 Bc8 17. N3h4 Nf6 18. Qxb5 g6 19. Nh6+ Kg7 20. Bg5 Nbd7 21. Qd3
Rxe1+ 22. Rxe1 Qa5 23. Bd2 Qxa2 24. g4 Ne5 25. Qc3 Nxd5 26. Qg3 Qxb2 27. Nf3 Bb7
28. g5 Re8 29. Ba5 Nb4 30. Nxe5 Rxe5 31. Rf1 Ba6 32. Qf4 f5 33. gxf6+ Kh8 34.
Bd8 Qd4 35. Qxd4 cxd4 36. Nf7+ Kg8 37. Nxe5 dxe5 38. Rb1 Bd3 39. Rc1 Bc2 40. Ba5
d3 41. Bf3 e4 42. Bd1 Bxd1 43. Rxd1 Nd5 44. f3 Bc5+ 45. Kh1 exf3 46. Rxd3 f2 47.
Kg2 Nf4+ 0-1

[Event "PRO League Group Stage"]
[Site "chess.com INT"]
[Date "2018.02.03"]
[Round "4"]
[White "Friedel, Joshua"]
[Black "Quesada Perez, Yuniesky"]
[Result "0-1"]
[WhiteTitle "GM"]
[BlackTitle "GM"]
[WhiteElo "2562"]
[BlackElo "2627"]
[WhiteTeam "Las Vegas Desert Rats"]
[BlackTeam "Miami Champions"]
[WhiteFideId "2017199"]
[BlackFideId "3504409"]
[EventDate "2018.01.18"]

1. Nf3 d5 2. g3 Bg4 3. Bg2 c6 4. O-O Nd7 5. d3 e6 6. e4 Bd6 7. Re1 Ne7 8. Nbd2
O-O 9. Qe2 a5 10. c3 c5 11. a4 Nc6 12. h3 Bh5 13. Qe3 d4 14. Qe2 f6 15. Nc4 Bc7
16. Qc2 Qe7 17. Bd2 Kh8 18. Na3 Rac8 19. Qb3 b6 20. Nb5 Bb8 21. cxd4 Bxf3 22.
Bxf3 cxd4 23. Rac1 Nc5 24. Qa3 Qf7 25. Kg2 Ne5 26. Be2 f5 27. f4 fxe4 28. Nxd4
Nexd3 29. Bxd3 Nxd3 30. Rxc8 Nxe1+ 31. Bxe1 Rxc8 32. Qb3 Qd7 33. Qxb6 Ba7 34.
Qxe6 Rc2+ 35. Kf1 Qxe6 36. Nxe6 e3 37. Bxa5 Rxb2 38. Bc3 Rf2+ 39. Ke1 Kg8 40. a5
Ra2 41. Bd4 Bxd4 42. Nxd4 Rxa5 43. Ke2 Ra3 44. Nf5 Kf7 45. Nxe3 g6 46. Kf3 Ke6
47. Ke4 Ra4+ 48. Kf3 Ra1 49. h4 Ra3 50. Ke4 h5 51. f5+ gxf5+ 52. Nxf5 Ra4+ 53.
Nd4+ Kd6 54. Ke3 Ke5 55. Ne2 Ra3+ 56. Kf2 Kf5 57. Nf4 Kg4 58. Ne2 Rf3+ 59. Kg2
Re3 60. Kf2 Ra3 61. Kg2 Rf3 62. Kg1 Kh3 63. Nf4+ Kxg3 64. Nxh5+ Kxh4 65. Kg2 Kg4
66. Ng7 Rf6 67. Ne8 Rc6 68. Ng7 Kg5 69. Kf3 Kg6 70. Ne8 Kf7 0-1

[Event "PRO League Group Stage"]
[Site "chess.com INT"]
[Date "2018.02.03"]
[Round "4"]
[White "Sheng, Joshua"]
[Black "Blit, Jacques"]
[Result "1-0"]
[WhiteTitle "IM"]
[BlackTitle "IM"]
[WhiteElo "2392"]
[BlackElo "2374"]
[WhiteTeam "San Diego Surfers"]
[BlackTeam "Buenos Aires Krakens"]
[WhiteFideId "2057360"]
[BlackFideId "114839"]
[EventDate "2018.01.18"]

1. e4 c5 2. Nf3 Nc6 3. d4 cxd4 4. Nxd4 e5 5. Nb5 d6 6. N1c3 a6 7. Na3 b5 8. Nd5
f5 9. c4 b4 10. Nc2 a5 11. g3 f4 12. gxf4 exf4 13. Bxf4 Nf6 14. Bg5 Be7 15. Bxf6
Bxf6 16. Qh5+ g6 17. Nxf6+ Qxf6 18. Qd5 Bd7 19. O-O-O a4 20. Bh3 b3 21. Nb4 Rc8
22. Bxd7+ Kxd7 23. a3 Nxb4 24. Qb7+ Rc7 25. Qxb4 Qf4+ 26. Kb1 Qxe4+ 27. Ka1 Qxc4
28. Qxd6+ Kc8 29. Qe5 Rf8 30. Qe3 Rf5 31. Rc1 Qb5 32. Rxc7+ Kxc7 33. Rc1+ Kb7
34. Qe7+ Ka6 35. Qd6+ Ka5 36. Qd8+ Ka6 37. Qa8+ Kb6 38. Qb8+ Ka6 39. Qc8+ Kb6
40. Qc7+ Ka6 41. Rc6+ Qxc6 42. Qxc6+ Ka5 43. Qc7+ Kb5 44. Qd7+ Ka5 45. Kb1 Rc5
46. Qxh7 g5 47. Qa7+ Kb5 48. Qb7+ Ka5 49. Qb4+ 1-0

[Event "PRO League Group Stage"]
[Site "chess.com INT"]
[Date "2018.02.03"]
[Round "4"]
[White "Friedel, Joshua"]
[Black "Le, Tuan Minh"]
[Result "0-1"]
[WhiteTitle "GM"]
[BlackTitle "IM"]
[WhiteElo "2562"]
[BlackElo "2485"]
[WhiteTeam "Las Vegas Desert Rats"]
[BlackTeam "Pittsburgh Pawngrabbers"]
[WhiteFideId "2017199"]
[BlackFideId "12401153"]
[EventDate "2018.01.18"]

1. Nf3 d5 2. g3 Nf6 3. Bg2 c6 4. O-O Bg4 5. h3 Bh5 6. d4 Nbd7 7. c4 e6 8. cxd5
exd5 9. Qb3 Qb6 10. Qe3+ Be7 11. Nh4 Bg6 12. Nc3 Kf8 13. f4 Bc2 14. Qd2 Be4 15.
Nf3 Re8 16. e3 Bxf3 17. Bxf3 h5 18. b3 Kg8 19. Bb2 Bb4 20. Qd3 g6 21. Kg2 Bxc3
22. Bxc3 Ne4 23. Be1 Qd8 24. a4 Ndf6 25. b4 Qd7 26. Rc1 g5 27. Bd1 g4 28. h4 Nd6
29. Rf2 Qf5 30. Rd2 Nfe4 31. Bc2 Nxd2 32. Bxd2 Qe4+ 33. Qxe4 Nxe4 34. Be1 Rh6
35. Bd3 Rhe6 36. Rc2 Kg7 37. Rc1 Nd6 38. Bd2 Kf6 39. Rc2 Nf5 40. b5 Rxe3 41.
Bxf5 Re2+ 42. Kf1 Kxf5 43. bxc6 bxc6 44. a5 Rh2 0-1

[Event "PRO League Group Stage"]
[Site "chess.com INT"]
[Date "2018.02.03"]
[Round "4"]
[White "Xiong, Jeffery"]
[Black "Pichot, Alan"]
[Result "1/2-1/2"]
[WhiteTitle "GM"]
[BlackTitle "GM"]
[WhiteElo "2634"]
[BlackElo "2552"]
[WhiteTeam "Dallas Destiny"]
[BlackTeam "Buenos Aires Krakens"]
[WhiteFideId "2047640"]
[BlackFideId "110973"]
[EventDate "2018.01.18"]

1. e4 c5 2. Nf3 e6 3. d4 cxd4 4. Nxd4 Nc6 5. Nc3 Qc7 6. Be3 a6 7. Qd2 Nf6 8. f4
Bb4 9. Bd3 Na5 10. a3 Bxc3 11. Qxc3 Qxc3+ 12. bxc3 d5 13. exd5 exd5 14. O-O Nc4
15. Bf2 O-O 16. Rfe1 Bd7 17. Bh4 Rfe8 18. Bxc4 dxc4 19. Bxf6 gxf6 20. Kf2 Rac8
21. Rxe8+ Bxe8 22. Rb1 b5 23. Re1 Kf8 24. g4 Bd7 25. Kf3 Rc5 26. h4 h6 27. f5
Re5 28. Re4 Ke7 29. Kf4 Kd6 30. Nf3 Rxe4+ 31. Kxe4 Bc6+ 32. Kf4 Bxf3 33. Kxf3
Ke5 34. Ke3 Kd5 1/2-1/2

[Event "PRO League Group Stage"]
[Site "chess.com INT"]
[Date "2018.02.03"]
[Round "4"]
[White "Bryant, John Daniel"]
[Black "Panjwani, Raja"]
[Result "1-0"]
[WhiteTitle "IM"]
[BlackTitle "IM"]
[WhiteElo "2437"]
[BlackElo "2444"]
[WhiteTeam "San Diego Surfers"]
[BlackTeam "Montreal Chessbrahs"]
[WhiteFideId "2031280"]
[BlackFideId "2604493"]
[EventDate "2018.01.18"]

1. e4 g6 2. d4 Bg7 3. Nf3 d6 4. Bc4 Nf6 5. Qe2 O-O 6. e5 dxe5 7. dxe5 Nd5 8. h3
c6 9. O-O a5 10. Rd1 Qc7 11. Bxd5 cxd5 12. Rxd5 Nc6 13. Bf4 Nb4 14. Rd2 Bf5 15.
Nc3 Rad8 16. Rad1 Rxd2 17. Rxd2 Rd8 18. e6 Rxd2 19. Qxd2 Qc8 20. exf7+ Kf8 21.
a3 Nxc2 22. g4 Bxg4 23. hxg4 Qxg4+ 24. Bg3 Qxf3 25. Qxc2 Bd4 26. Ne4 Qf5 27. b4
axb4 28. axb4 e5 29. Kg2 h5 30. f3 Qxf7 31. Qc8+ Kg7 32. Bh4 g5 33. Bxg5 Kh7 34.
Kg3 h4+ 35. Kxh4 Qxf3 36. Nf6+ Kg6 37. Qg8+ Kf5 38. Qh7+ Ke6 39. Qd7# 1-0

[Event "PRO League Group Stage"]
[Site "chess.com INT"]
[Date "2018.02.03"]
[Round "4"]
[White "Bryant, John Daniel"]
[Black "Ashwin, Jayaram"]
[Result "0-1"]
[WhiteTitle "IM"]
[BlackTitle "GM"]
[WhiteElo "2437"]
[BlackElo "2486"]
[WhiteTeam "San Diego Surfers"]
[BlackTeam "Webster Windmills"]
[WhiteFideId "2031280"]
[BlackFideId "5018137"]
[EventDate "2018.01.18"]

1. Nf3 Nf6 2. c4 e6 3. b3 d5 4. Bb2 Be7 5. g3 O-O 6. Bg2 a5 7. Nc3 b6 8. O-O Bb7
9. Ne5 Qc8 10. cxd5 Nxd5 11. Nxd5 exd5 12. Rc1 f6 13. Nf3 Nc6 14. Nh4 Qd7 15. e4
Nb4 16. Nf5 Kh8 17. d3 Nxa2 18. Bh3 Nxc1 19. Qxc1 Bb4 20. e5 fxe5 21. Bxe5 Rxf5
22. Bxf5 Qxf5 23. Qxc7 Rg8 24. Rc1 Ba6 25. h4 Bxd3 26. Rc6 Bc5 27. Bf4 Qe4 28.
Rxc5 Qe1+ 29. Kg2 Bf1+ 30. Kg1 Be2+ 31. Kg2 Qf1+ 32. Kh2 Qxf2+ 33. Kh3 Bf1+ 34.
Kg4 Qe2+ 35. Kg5 h6+ 36. Kg6 Qe4+ 37. Kf7 Qe8# 0-1

[Event "PRO League Group Stage"]
[Site "chess.com INT"]
[Date "2018.02.03"]
[Round "4"]
[White "Xiong, Jeffery"]
[Black "Lenderman, Aleksandr"]
[Result "1/2-1/2"]
[WhiteTitle "GM"]
[BlackTitle "GM"]
[WhiteElo "2634"]
[BlackElo "2611"]
[WhiteTeam "Dallas Destiny"]
[BlackTeam "Montclair Sopranos"]
[WhiteFideId "2047640"]
[BlackFideId "2021285"]
[EventDate "2018.01.18"]

1. d4 e6 2. Nf3 Nf6 3. Bf4 b6 4. e3 Bb7 5. Nbd2 Bd6 6. Bxd6 cxd6 7. c4 O-O 8.
Rc1 d5 9. cxd5 Bxd5 10. Bd3 Bb7 11. O-O Nc6 12. Nc4 Qe7 13. Qa4 Rfc8 14. Nfe5 d5
15. Nxc6 Bxc6 16. Qa3 Qxa3 17. Nxa3 a6 18. Rc2 Bb7 19. Rfc1 Rxc2 20. Rxc2 Rc8
21. f3 1/2-1/2

[Event "PRO League Group Stage"]
[Site "chess.com INT"]
[Date "2018.02.03"]
[Round "4"]
[White "Xiong, Jeffery"]
[Black "Tang, Andrew"]
[Result "1-0"]
[WhiteTitle "GM"]
[BlackTitle "IM"]
[WhiteElo "2634"]
[BlackElo "2513"]
[WhiteTeam "Dallas Destiny"]
[BlackTeam "Minnesota Blizzard"]
[WhiteFideId "2047640"]
[BlackFideId "2059630"]
[EventDate "2018.01.18"]

1. d4 d5 2. Bf4 Nf6 3. e3 c5 4. c3 Nc6 5. Nd2 e6 6. Ngf3 Bd6 7. Bg3 O-O 8. Bd3
b6 9. Qe2 Bb7 10. Rd1 h6 11. Ne5 Qc7 12. f4 Ne7 13. Qf3 Nd7 14. O-O f5 15. Bh4
Nf6 16. Bxf6 Rxf6 17. Qh3 Bxe5 18. fxe5 Rg6 19. Be2 Rg5 20. Bh5 Ba6 21. Rf2 g6
22. Bf3 Kg7 23. Qh4 Rg8 24. Qf4 Qd7 25. h4 Rh5 26. Qh2 Kh7 27. Nf1 Bxf1 28.
Rdxf1 Qe8 29. Bd1 a5 30. a4 Rg7 31. Qh3 Qd8 32. Kh1 Qg8 33. g4 fxg4 34. Bxg4 Nf5
35. Bxh5 gxh5 36. Rxf5 exf5 37. Qxf5+ Kh8 38. Qxh5 Qe6 39. Rf8+ Kh7 40. Qf5+
Qxf5 41. Rxf5 Rg3 42. dxc5 bxc5 43. e6 Rxe3 44. Rxd5 Re4 45. Rxc5 Rxa4 46. Re5
Rxh4+ 47. Kg2 Rg4+ 48. Kh3 Rg8 49. Rxa5 Kg6 50. Re5 Kf6 51. Re3 Ke7 52. Kh4 Rg2
53. b4 Rg1 54. Kh5 Rh1+ 55. Kg6 h5 56. Kg5 h4 57. Kg4 Rh2 58. b5 h3 59. Rxh3 Rb2
60. Rh5 Kxe6 61. Rc5 Rf2 62. c4 Rf8 63. b6 Rb8 64. Rc6+ Kd7 65. Rc7+ 1-0

[Event "PRO League Group Stage"]
[Site "chess.com INT"]
[Date "2018.02.03"]
[Round "4"]
[White "Xiong, Jeffery"]
[Black "Caruana, Fabiano"]
[Result "0-1"]
[WhiteTitle "GM"]
[BlackTitle "GM"]
[WhiteElo "2634"]
[BlackElo "2811"]
[WhiteTeam "Dallas Destiny"]
[BlackTeam "Saint Louis Arch Bishops"]
[WhiteFideId "2047640"]
[BlackFideId "2020009"]
[EventDate "2018.01.18"]

1. d4 Nf6 2. Nf3 d5 3. c4 e6 4. g3 Bb4+ 5. Bd2 Bd6 6. Bg2 O-O 7. O-O c6 8. Qc2
Nbd7 9. Rd1 Ne4 10. Ne1 Nxd2 11. Nxd2 f5 12. Nd3 Nf6 13. b4 Qe7 14. Rab1 Bd7 15.
Nf3 Ne4 16. Nfe5 Be8 17. a4 a6 18. Qb3 Kh8 19. Rbc1 Rd8 20. Rc2 Bb8 21. cxd5
exd5 22. e3 Bd6 23. Rdc1 Qf6 24. Qb2 Qe7 25. Qb3 Qf6 26. Qb2 Qe7 27. Qb3 Ra8 28.
a5 Rf6 29. Qb2 h5 30. h4 Rh6 31. Nf4 g5 32. hxg5 Qxg5 33. Nf3 Qf6 34. Nh4 Bd7
35. Bf3 Rg8 36. Kh2 Be7 37. Rh1 Qg7 38. Nxh5 Rxh5 39. Bxh5 Bxh4 40. Kg1 Nxg3 41.
Rxh4 Nxh5+ 42. Kf1 Qg5 0-1

[Event "PRO League Group Stage"]
[Site "chess.com INT"]
[Date "2018.02.03"]
[Round "4"]
[White "Kiewra, Keaton"]
[Black "Sheng, Joshua"]
[Result "1/2-1/2"]
[WhiteTitle "IM"]
[BlackTitle "IM"]
[WhiteElo "2382"]
[BlackElo "2392"]
[WhiteTeam "San Diego Surfers"]
[BlackTeam "San Diego Surfers"]
[WhiteFideId "2019280"]
[BlackFideId "2057360"]
[EventDate "2018.01.18"]

1. d4 Nf6 2. Nf3 g6 3. c4 Bg7 4. g3 d5 5. cxd5 Nxd5 6. Bg2 O-O 7. O-O Nb6 8. Nc3
Nc6 9. e3 Re8 10. d5 Na5 11. e4 c6 12. Re1 Bd7 1/2-1/2

[Event "PRO League Group Stage"]
[Site "chess.com INT"]
[Date "2018.02.03"]
[Round "4"]
[White "Breckenridge, Steven"]
[Black "Bora, Safal"]
[Result "1-0"]
[WhiteTitle "FM"]
[BlackTitle "IM"]
[WhiteElo "2312"]
[BlackElo "2370"]
[WhiteTeam "Dallas Destiny"]
[BlackTeam "Pittsburgh Pawngrabbers"]
[WhiteFideId "2043700"]
[BlackFideId "2066149"]
[EventDate "2018.01.18"]

1. e4 e6 2. d4 d5 3. exd5 exd5 4. Nf3 Bg4 5. h3 Bh5 6. g4 Bg6 7. Bd3 Bd6 8. Bg5
Ne7 9. Nc3 c6 10. h4 Nd7 11. h5 Bxd3 12. Qxd3 Qc7 13. O-O-O O-O-O 14. Kb1 f6 15.
Bc1 Nf8 16. Rhe1 Qd7 17. g5 Qg4 18. h6 gxh6 19. gxf6 Neg6 20. Bxh6 Nd7 21. Bg7
Rhg8 22. Rg1 Qf4 23. Ne2 Qe4 24. Qxe4 dxe4 25. Ng5 Bf8 26. Nxh7 Nh4 27. Nxf8
Rgxf8 28. Rg4 Nf3 29. Bxf8 Rxf8 30. Rxe4 Rxf6 31. Rf4 Re6 32. Rxf3 Rxe2 33. Kc1
Nb6 34. Rf7 a6 35. Rh1 Kb8 36. Rhh7 Nc4 37. Rxb7+ Kc8 38. Rbe7 1-0

[Event "PRO League Group Stage"]
[Site "chess.com INT"]
[Date "2018.02.03"]
[Round "4"]
[White "Hambleton, Aman"]
[Black "Brown, Michael William"]
[Result "1/2-1/2"]
[WhiteTitle "IM"]
[BlackTitle "IM"]
[WhiteElo "2501"]
[BlackElo "2506"]
[WhiteTeam "Montreal Chessbrahs"]
[BlackTeam "San Diego Surfers"]
[WhiteFideId "2606577"]
[BlackFideId "2037602"]
[EventDate "2018.01.18"]

1. d4 Nf6 2. Bf4 d5 3. e3 c5 4. Nf3 Nc6 5. Nbd2 g6 6. dxc5 Bg7 7. Ne5 Qa5 8.
Nxc6 bxc6 9. Be5 Qxc5 10. Nb3 Qb6 11. Qd4 O-O 12. Bd3 Ne8 13. Bxg7 Nxg7 14. a4
Ne6 15. Qxb6 axb6 16. Nd4 c5 17. Nxe6 Bxe6 18. Kd2 Rfd8 19. b3 f6 20. Kc3 Bf7
21. b4 e5 22. bxc5 bxc5 23. a5 c4 24. Be2 d4+ 25. exd4 exd4+ 26. Kd2 Ra6 27. Ra4
c3+ 28. Kd3 Be8 29. Rxd4 Bb5+ 30. Kxc3 Rc8+ 31. Bc4+ Kg7 32. Kb4 Bxc4 33. Rxc4
Rxc4+ 34. Kxc4 Rxa5 35. Rc1 Rh5 36. h3 Rg5 37. g3 Rf5 38. f4 g5 39. fxg5 Rxg5
40. g4 h5 41. gxh5 Rxh5 42. Kd4 Rxh3 43. c4 Kf7 44. Kd5 Ke7 45. Re1+ Kd7 46. Kc5
Rh4 47. Rd1+ Kc7 48. Rf1 Rh5+ 49. Kb4 f5 50. Kb5 f4+ 51. c5 Rf5 52. Kc4 f3 53.
Kd3 f2 54. Ke2 Kc6 55. Rxf2 Rxf2+ 56. Kxf2 Kxc5 1/2-1/2

[Event "PRO League Group Stage"]
[Site "chess.com INT"]
[Date "2018.02.03"]
[Round "4"]
[White "Hambleton, Aman"]
[Black "Belous, Vladimir"]
[Result "1-0"]
[WhiteTitle "IM"]
[BlackTitle "GM"]
[WhiteElo "2501"]
[BlackElo "2567"]
[WhiteTeam "Montreal Chessbrahs"]
[BlackTeam "Rio Grande Ospreys"]
[WhiteFideId "2606577"]
[BlackFideId "4174003"]
[EventDate "2018.01.18"]

1. d4 Nf6 2. Bf4 g6 3. Nc3 Bg7 4. e4 d6 5. Qd2 c6 6. f3 b5 7. Bd3 b4 8. Nce2 a5
9. a3 bxa3 10. Rxa3 O-O 11. h4 e5 12. dxe5 dxe5 13. Be3 Be6 14. Nh3 Re8 15. Nf2
Bf8 16. Ra1 Nbd7 17. g4 Nc5 18. h5 Qb8 19. O-O Rd8 20. Rxa5 Nxd3 21. Rxa8 Qxa8
22. Nxd3 c5 23. Qc3 Nxe4 24. fxe4 Qxe4 25. Nf2 Qc6 26. Qxe5 Re8 27. Ne4 Bg7 28.
Nf6+ Bxf6 29. Qxf6 Qe4 30. Bh6 Qxg4+ 31. Kf2 Qf5+ 32. Qxf5 Bxf5 33. hxg6 hxg6
34. Rc1 Rb8 35. b3 Be6 36. Bf4 Rb5 37. Nc3 Rb4 38. Bd6 Rh4 39. Bxc5 Rh2+ 40. Ke3
Bf5 41. b4 Bxc2 42. b5 Rh3+ 43. Kd4 Bf5 44. b6 Rd3+ 45. Kc4 Rd7 46. Nb5 Bd3+ 47.
Kb4 Be4 48. Nd6 Bc6 49. Re1 Kh7 50. Rf1 f5 51. Kc4 Re7 52. Rb1 f4 53. b7 Bxb7
54. Rxb7 Rxb7 55. Nxb7 g5 56. Kd3 Kg6 57. Ke4 Kh5 58. Kf3 Kh4 59. Nd6 Kh3 60.
Ne4 g4+ 61. Kxf4 g3 62. Nxg3 Kg2 63. Kg4 Kh2 64. Kf3 Kh3 65. Bg1 Kh4 66. Ne4 Kh5
67. Kf4 Kg6 68. Ng5 Kf6 69. Bc5 Kg6 70. Be7 Kh5 71. Kf5 Kh4 72. Bd6 Kh5 73. Bg3
Kh6 74. Ne6 Kh5 75. Ng7+ Kh6 76. Kf6 Kh7 77. Kf7 Kh8 78. Bf4 Kh7 79. Bg5 Kh8 80.
Ne6 Kh7 81. Nf8+ Kh8 82. Bf6# 1-0

[Event "PRO League Group Stage"]
[Site "chess.com INT"]
[Date "2018.02.03"]
[Round "4"]
[White "Hambleton, Aman"]
[Black "Ni, Hua"]
[Result "1/2-1/2"]
[WhiteTitle "IM"]
[BlackTitle "GM"]
[WhiteElo "2501"]
[BlackElo "2670"]
[WhiteTeam "Montreal Chessbrahs"]
[BlackTeam "Chengdu Pandas"]
[WhiteFideId "2606577"]
[BlackFideId "8601160"]
[EventDate "2018.01.18"]

1. d4 Nf6 2. Bf4 d5 3. e3 c5 4. Nf3 e6 5. c3 Nc6 6. Nbd2 Be7 7. h3 Bd6 8. Bxd6
Qxd6 9. Bb5 Bd7 10. O-O O-O 11. Bxc6 Bxc6 12. Ne5 Bb5 13. Re1 Rfd8 14. Qf3 Be8
15. Qf4 Rac8 16. g4 Nd7 17. Nxd7 Qxf4 18. exf4 Bxd7 19. Nf3 b6 20. Re3 a5 21. a3
Rc7 22. Kg2 Rdc8 23. Rd1 h6 24. Kg3 Kf8 25. h4 b5 26. dxc5 Rxc5 27. Rd4 Rc4 28.
Ne5 Rxd4 29. cxd4 Ke7 30. Rc3 Rxc3+ 31. bxc3 Be8 32. h5 f6 33. Nd3 Bf7 34. f3
Bg8 35. Kf2 Bh7 36. Nc5 a4 37. Ke3 Kd6 38. Na6 Bc2 39. Nc5 Bh7 40. Nb7+ Kc7 41.
Nc5 Kd6 42. Nb7+ Kc7 43. Nc5 Kd6 44. Nb7+ 1/2-1/2

[Event "PRO League Group Stage"]
[Site "chess.com INT"]
[Date "2018.02.03"]
[Round "4"]
[White "Breckenridge, Steven"]
[Black "Thavandiran, Shiyam"]
[Result "0-1"]
[WhiteTitle "FM"]
[BlackTitle "IM"]
[WhiteElo "2312"]
[BlackElo "2399"]
[WhiteTeam "Dallas Destiny"]
[BlackTeam "Montreal Chessbrahs"]
[WhiteFideId "2043700"]
[BlackFideId "2605058"]
[EventDate "2018.01.18"]

1. e4 e6 2. d4 d5 3. exd5 exd5 4. Nf3 Nf6 5. Bd3 Bd6 6. Qe2+ Be7 7. h3 O-O 8.
O-O h6 9. c4 c6 10. Nc3 Be6 11. c5 b6 12. b4 a5 13. Na4 Nbd7 14. b5 cxb5 15.
Bxb5 bxc5 16. dxc5 Nxc5 17. Nd4 Nxa4 18. Bxa4 Ne4 19. Nc6 Qc7 20. Nxe7+ Qxe7 21.
Qd3 Rfc8 22. Ba3 Qg5 23. Rac1 Rxc1 24. Bxc1 Qf6 25. Be3 Rc8 26. Bd4 Qd8 27. Bc2
Bf5 28. Bb1 Bg6 29. Qa3 Rc6 30. Qb2 Bf5 31. Be5 Qg5 32. Kh2 Nd2 33. Rd1 Nxb1 34.
Rxd5 Be4 35. f4 Qg6 36. Rd8+ Kh7 37. f5 Qg5 38. f6 Rc2 39. Rh8+ Kxh8 40. fxg7+
Kh7 41. g8=Q+ Qxg8 0-1